Stations of the Tokyu Electric Railway, Tokyo, Japan - Statistics

General Stats
  • This quiz has been taken 148 times
  • The average score is 61 of 111
Answer Stats
Line Answer % Correct
Den-en Toshi Line | Toyoko Line Shibuya
96%
| Tamagawa Line Tamagawa
92%
Yokohama
89%
Den-en Chofu
88%
Meguro Line Meguro
88%
Hiyoshi
87%
Jiyugaoka
87%
Naka Meguro
87%
Oimachi Line Oimachi
83%
Musashi Kosugi
82%
Daikan Yama
80%
Futako Tamagawa
79%
Kikuna
79%
Chuo Rinkan
75%
Kamata
75%
Gakugeidaigaku
74%
Ikegami Line Gotanda
74%
Toritsudaigaku
72%
| Setagaya Line Sangen Jaya
71%
Nagatsuta
70%
Ikegami
68%
Motosumiyoshi
67%
Ikejiri Ohashi
66%
Mizonokuchi
66%
Ookayama
66%
Shin Maruko
64%
Yutenji
64%
Tsunashima
63%
Futako Shinchi
61%
Hakuraku
61%
Mizonokuchi
61%
Musashi Koyama
61%
Takatsu
61%
Yoga
61%
Higashi Hakuraku
59%
Senzoku
59%
Azamino
58%
Setagaya
58%
Minami Machida
57%
Okusawa
55%
Tama Plaza
55%
Tammachi
55%
Okurayama
54%
Sakura Shimmachi
54%
Saginuma
53%
Aobadai
51%
Hatanodai
51%
Komazawa Daigaku
51%
Myorenji
50%
Nakanobu
49%
Nishi Koyama
49%
Todoroki
49%
Fudo Mae
47%
Kajigaya
47%
Miyazakidai
47%
Miyamaedaira
46%
Shimo Takaido
46%
Kaminoge
45%
Midorigaoka
45%
Tana
45%
Togoshi Ginza
45%
Ichigao
42%
Togoshi Koen
42%
Eda
39%
Kuhombutsu
39%
Suzukakedai
38%
Tsukimino
38%
Yukigaya Otsuka
38%
Ebaramachi
37%
Kita Senzoku
37%
Osaki Hirokoji
37%
Shimo Maruko
37%
Tsukushino
36%
Ebara Nakanobu
34%
Shimo Shinmei
34%
Senzoku Ike
33%
Fujigaoka
32%
Ontakesan
30%
Oyamadai
28%
Wakabayashi
26%
Kamimachi
24%
Ishikawadai
22%
Matsubara
22%
Numabe
22%
Shoin Jinjamae
21%
Yaguchinowatashi
21%
Yamashita
20%
Kugahara
18%
Nishi Taishido
18%
Unoki
18%
Musashi Nitta
17%
Nagahara
17%
Miyanosaka
16%
Chidoricho
14%
Hasunuma
13%
No matching quizzes found
Score Distribution
Percent of People with Each Score
Percentile by Number Answered
Your Score History
You have not taken this quiz